Transregional and Regional Elites - Connecting the Early Islamic Empire (Record no. 91073)
[ view plain ]
| 000 -LEADER | |
|---|---|
| fixed length control field | 01369nam a2200265Ia 4500 |
| 000 - LEADER | |
| fixed length control field | 01792naaa 00337uu |
| 001 - CONTROL NUMBER | |
| control field | https://directory.doabooks.org/handle/20.500.12854/35906 |
| 005 - DATE AND TIME OF LATEST TRANSACTION | |
| control field | 20260218110052.0 |
| 008 - FIXED-LENGTH DATA ELEMENTS--GENERAL INFORMATION | |
| fixed length control field | 211013s9999 xx 000 0 und d |
| 024 ## - OTHER STANDARD IDENTIFIER | |
| Standard number or code | 10.1515/9783110669800 |
| 042 ## - AUTHENTICATION CODE | |
| Authentication code | dc |
| 245 #0 - TITLE STATEMENT | |
| Title | Transregional and Regional Elites - Connecting the Early Islamic Empire |
| 260 ## - PUBLICATION, DISTRIBUTION, ETC. | |
| Place of publication, distribution, etc. | Berlin/Boston |
| Name of publisher, distributor, etc. | De Gruyter |
| Date of publication, distribution, etc. | 2020 |
| 300 ## - PHYSICAL DESCRIPTION | |
| Extent | 1 electronic resource (458 p.) |
| 520 ## - SUMMARY, ETC. | |
| Summary, etc. | To integrate the regions of the early Islamic Empire from Central Asia to North Africa, transregional and regional elites of various backgrounds were essential. The papers analyze elite groups, their structures and networks, within selected regions across geographical, religious and social boundaries. While each region seems to be different, certain common patterns of governance and interaction made the largest empire of Late Antiquity work. |
| 540 ## - TERMS GOVERNING USE AND REPRODUCTION NOTE | |
| Terms governing use and reproduction | Creative Commons |
| 653 ## - INDEX TERM--UNCONTROLLED | |
| Uncontrolled term | Elites |
| 700 1# - ADDED ENTRY--PERSONAL NAME | |
| Personal name | Hagemann, Hannah-Lena |
| 700 1# - ADDED ENTRY--PERSONAL NAME | |
| Personal name | Hagemann, Hannah-Lena |
| 700 1# - ADDED ENTRY--PERSONAL NAME | |
| Personal name | Heidemann, Stefan |
| 700 1# - ADDED ENTRY--PERSONAL NAME | |
| Personal name | Heidemann, Stefan |
| 856 ## - ELECTRONIC LOCATION AND ACCESS | |
| Uniform Resource Identifier | <a href="https://docs.google.com/spreadsheets/d/1yKIrdCPDAG_9c22mwoOIO2DOhtj65Wqa/edit?usp=sharing&ouid=106555315294820607512&rtpof=true&sd=true ">https://docs.google.com/spreadsheets/d/1yKIrdCPDAG_9c22mwoOIO2DOhtj65Wqa/edit?usp=sharing&ouid=106555315294820607512&rtpof=true&sd=true </a> |
| Link text | List of Curated E-Books |
| 942 ## - ADDED ENTRY ELEMENTS (KOHA) | |
| Koha item type | E-Book |
No items available.